[Event "Hamburg St Pauli op-B"]
[Site "Hamburg"]
[Date "2014.07.19"]
[Round "1"]
[White "Strege, Thomas"]
[Black "Drapkin, Lazar"]
[Result "1-0"]
[WhiteElo "1791"]
[BlackElo "1618"]
[PlyCount "69"]
[EventDate "2014.07.19"]
[EventType "swiss"]
[EventRounds "9"]
[EventCountry "GER"]
[SourceTitle "CBM 161 Extra"]
[Source "ChessBase"]
[SourceDate "2014.08.29"]
[SourceVersion "1"]
[SourceVersionDate "2014.08.29"]
[SourceQuality "1"]

1. d4 d6 2. Nf3 g6 3. g3 Bg7 4. Bg2 c6 5. 0-0 Bg4 6. c3 Nf6 7. Nbd2 Nbd7 8. h3 Bxf3 9. Nxf3 0-0 10. Qc2 d5 11. a4 a5 12. b3 Re8 13. Bf4 Ne4 14. Ne5 Nd6 15. g4 e6 16. Nxg6 hxg6 17. Bxd6 Nf8 18. Bg3 Nd7 19. e4 dxe4 20. Bxe4 Nf8 21. Rad1 Bf6 22. f4 Bh4 23. Qf2 Bxg3 24. Qxg3 Qf6 25. Bd3 Kg7 26. f5 g5 27. fxe6 Qxe6 28. Bc4 Qe3+ 29. Qxe3 Rxe3 30. Rxf7+ Kg6 31. Rdf1 Nh7 32. R7f3 Rae8 33. Bf7+ Kg7 34. Bxe8 Rxe8 35. Rf7+ 1-0